| 000 | 00530nam a2200205 i 4500 | ||
|---|---|---|---|
| 001 | bgj | ||
| 100 | 1 | _aPARETSKY, Sara. | |
| 245 | 1 | 0 |
_aKilling orders / _cSara Paretsky. |
| 260 |
_aNew York : _bA Dell Book, _c1993. |
||
| 300 |
_a339 pp ; _c18 cm. |
||
| 490 | 1 | _aV. I. Warshawski Mystery | |
| 650 | 9 | _aDetective and mystery stories | |
| 830 | _aV. I. Warshawski Mystery | ||
| 020 | _a0440215285 | ||
| 040 | _cBPK | ||
| 041 | 0 | _aeng | |
| 920 | _a0-440-21528-5 | ||
| 942 | _cKS | ||
| 008 | s uk f |000 0 eng | ||
| 999 |
_c48381 _d48381 |
||
| 856 |
_uhttp://koha.tu.koszalin.pl/cgi-bin/koha/opac-detail.pl?biblionumber=48381 _yKatalog online BPK |
||